000 00345pam a2200157a 44500
008 230515b1900 xxu||||| |||| 00| 0 eng d
020 _aNULL
041 _aENGLISH
082 _aJOY
100 _aJOYCE BROWN
245 _aPIONEER OF INDIAN IRRIGATION
250 _aNULL
260 _aPUNE
_bN/A
_c1900
300 _a89- PB
650 _aNULL
999 _c661951
_d661951